Gaming Quiz

Random Gaming or Nintendo Quiz

_Video Game Slot Machine_ʃ Quiz Stats

 Plays Quiz not verified by Sporcle

Also try: Gaming Anagrams
Challenge
Share
Tweet
Score 0/102 Timer 08:00
0 Plays Today
% Correct
Grand Theft Auto
96.4%
Grand Theft Auto
96.4%
Grand Theft Auto
96.4%
Super Smash Bros.
95.9%
Super Smash Bros.
95.9%
Super Smash Bros.
95.9%
Call of Duty
95.6%
Call of Duty
95.6%
Call of Duty
95.6%
Dance Dance Revolution
94.6%
Dance Dance Revolution
94.6%
Dance Dance Revolution
94.6%
Metal Gear Solid
94.5%
Metal Gear Solid
94.5%
Metal Gear Solid
94.5%
Tony Hawk's Pro Skater
94.1%
Tony Hawk's Pro Skater
94.1%
Tony Hawk's Pro Skater
94.1%
Wii Sports Resort
93.9%
Wii Sports Resort
93.9%
Wii Sports Resort
93.9%
Gears of War
93.8%
Gears of War
93.8%
Gears of War
93.8%
Sonic & Knuckles
91.9%
Sonic & Knuckles
91.9%
Sonic & Knuckles
91.9%
Tom Clancy's Splinter Cell
90.8%
Tom Clancy's Splinter Cell
90.8%
Tom Clancy's Splinter Cell
90.8%
Red Dead Redemption
90.5%
Red Dead Redemption
90.5%
Red Dead Redemption
90.5%
Donkey Kong Country
89.1%
% Correct
Donkey Kong Country
89.1%
Donkey Kong Country
89.1%
Big Brain Academy
88.1%
Big Brain Academy
88.1%
Big Brain Academy
88.1%
Animal Crossing: Wild World
87.2%
Animal Crossing: Wild World
87.2%
Animal Crossing: Wild World
87.2%
Microsoft Flight Simulator
86.9%
Microsoft Flight Simulator
86.9%
Microsoft Flight Simulator
86.9%
Turok: Dinosaur Hunter
85.2%
Turok: Dinosaur Hunter
85.2%
Turok: Dinosaur Hunter
85.2%
Mike Tyson's Punch-Out!
84.2%
Mike Tyson's Punch-Out!
84.2%
Mike Tyson's Punch-Out!
84.2%
Pro Evolution Soccer
83.6%
Pro Evolution Soccer
83.6%
Pro Evolution Soccer
83.6%
Zelda II: The Adventure of Link
80%
Zelda II: The Adventure of Link
80%
Zelda II: The Adventure of Link
80%
Kirby's Dream Land
77.9%
Kirby's Dream Land
77.9%
Kirby's Dream Land
77.9%
Mega Man X
74.7%
Mega Man X
74.7%
Mega Man X
74.7%
Zombies Ate My Neighbors
64.6%
Zombies Ate My Neighbors
64.6%
Zombies Ate My Neighbors
64.6%
Mario Is Missing!
60.6%
Mario Is Missing!
60.6%
% Correct
Mario Is Missing!
60.6%
John Elway's Quarterback
55.6%
John Elway's Quarterback
55.6%
John Elway's Quarterback
55.6%
Castlevania II: Simon's Quest
52.4%
Castlevania II: Simon's Quest
52.4%
Castlevania II: Simon's Quest
52.4%
Skate or Die!
52%
Skate or Die!
52%
Skate or Die!
52%
Wizards & Warriors
49.2%
Wizards & Warriors
49.2%
Wizards & Warriors
49.2%
Magic Johnson's Fast Break
33.1%
Magic Johnson's Fast Break
33.1%
Magic Johnson's Fast Break
33.1%
Al Unser Jr.'s Turbo Racing
32.9%
Al Unser Jr.'s Turbo Racing
32.9%
Al Unser Jr.'s Turbo Racing
32.9%
Taboo: The Sixth Sense
32.6%
Taboo: The Sixth Sense
32.6%
Taboo: The Sixth Sense
32.6%
Milon's Secret Castle
30.7%
Milon's Secret Castle
30.7%
Milon's Secret Castle
30.7%
Rush'n Attack
26.3%
Rush'n Attack
26.3%
Rush'n Attack
26.3%
Sonic Blast Man
21.4%
Sonic Blast Man
21.4%
Sonic Blast Man
21.4%
Zen: Intergalactic Ninja
20.5%
Zen: Intergalactic Ninja
20.5%
Zen: Intergalactic Ninja
20.5%

You're not logged in!

Compare scores with friends on all Sporcle quizzes.
Join for Free
OR
Log In

You Might Also Like...

Show Comments

Extras

Top Quizzes Today


Score Distribution

Your Account Isn't Verified!

In order to create a playlist on Sporcle, you need to verify the email address you used during registration. Go to your Sporcle Settings to finish the process.

Report this User

Report this user for behavior that violates our Community Guidelines.

Details: